000 00485nam a2200157Ia 4500
003 GCL
005 20240530102339.0
008 140319s9999 xx 000 0 ara d
040 _aGCL /
_cGCL
082 0 4 _a320.54
_bع و
100 1 _4عوده بطرس عوده
245 1 0 _aالوحدة العربية هى الحل/
_bعوده بطرس عوده
260 _a[S.N] :
_bلجنة الاعلام والدراسات المستقبلية ،
_c1990
300 _a127
942 _2ddc
_cBK
999 _c31593
_d31593